Music Quiz

Random Music Quiz

Bauhaus Releases Quiz Stats

 Plays Quiz not verified by Sporcle

Score 0/27 Timer 05:00
0 Plays Today
Type Release % Correct
SingleBela Lugosi's Dead
98.8%
AlbumMask
96.3%
AlbumThe Sky's Gone Out
91.5%
AlbumIn the Flat Field
90.2%
SingleZiggy Stardust
89%
SingleShe's In Parties
89%
LivePress the Eject and Give Me the Tape
87.8%
AlbumBurning From the Inside
86.6%
SingleSpirit
81.7%
AlbumGo Away White
80.5%
LiveGotham
78%
SingleDark Entries
78%
SingleTelegram Sam
76.8%
SingleThe Passion of Lovers
75.6%
Type Release % Correct
CompilationCrackle
74.4%
SingleKick In the Eye
69.5%
SingleTerror Couple Kill Colonel
64.6%
SingleLagartija Nick
63.4%
LiveRest in Peace: The Final Concert
57.3%
CompilationThe Singles 1981-1983
57.3%
Compilation1979-1983
57.3%
Compilation4AD
56.1%
SingleSanity Assassin
47.6%
SingleSatori In Paris
46.3%
Compilation1979-1983 Volume One
46.3%
Compilation1979-1983 Volume Two
45.1%
SingleToo Much 21st Century
43.9%

You're not logged in!

Compare scores with friends on all Sporcle quizzes.
OR
Log In

Show Comments

Extras

Created Oct 20, 2010ReportNominate
Tags:release

Top Quizzes Today


Score Distribution

Your Account Isn't Verified!

In order to create a playlist on Sporcle, you need to verify the email address you used during registration. Go to your Sporcle Settings to finish the process.

Report this User

Report this user for behavior that violates our Community Guidelines.

Details: